Personnalités mortes ou enterrées à Berlin - Statistiques

Statistiques générales
  • Ce quiz a été pris 681 fois
    674 depuis la dernière actualisation
  • Le résultat moyen est 4 sur 9
Statistiques - réponses
Mort Âge Indice Personnalité % Correct
1945 56 Fondateur et figure centrale du troisième Reich Adolf Hitler
93%
1859 - 1863 73 - 78 Frères conteurs et linguistes ayant popularisé "Hansel et Gretel" ou "Blanche-Neige" Frères Grimm
92%
1888 90 Premier empereur allemand lors de l'union de 1871 Guillaume Ier
43%
1992 90 Actrice, ange bleu naturalisée Américaine en 1939 Marlene Dietrich
34%
1919 47 Militante communiste assassinée lors de la Révolution allemande Rosa Luxemburg
30%
1831 61 Philosophe de la Dialectique, auteur de la "Phénoménologie de l'Esprit" Friedrich Hegel
26%
1892 75 Industriel fondateur d'une marque célèbre d'electroménager Werner von Siemens
20%
1988 49 Chanteuse du Velvet Underground, Mannequin et Actrice Nico
16%
1956 58 Dramaturge communiste du théâtre épique Bertolt Brecht
14%
Aucun quiz correspondant
Distribution des résultats
% des personnes avec chaque résultat
Percentile par nombre de réponses
Votre historique - résultats
Vous n’avez pas pris ce quiz depuis la dernière actualisation